Statistics for Biggest European Cities as a Percent of the Country - Hard

Click here to take the quiz!

General Stats

  • This quiz has been taken 62 times
  • The average score is 36 of 63

Answer Stats

Percentage European City % Correct
13.45%London
96%
6.82%Madrid
96%
5.34%Lisbon
96%
17.90%Budapest
96%
21.41%Vienna
96%
100%Vatican City
95%
100%Monaco
95%
9.34%Stockholm
93%
32.70%Riga
93%
6.83%Kiev
91%
12.68%Oslo
91%
9.65%Bucharest
89%
20.00%Luxembourg
89%
12.01%Prague
89%
6.89%San Marino
87%
28.93%Athens
87%
32.13%Tallinn
87%
16.42%Zagreb
85%
11.62%Dublin
85%
17.35%Sofia
85%
22.54%Copenhagen
85%
16.57%Belgrade
84%
18.84%Vilnius
84%
20.79%Minsk
84%
10.56%Brussels
84%
11.57%Helsinki
84%
14.49%Vaduz
82%
22.50%Andorra la Vella
82%
7.79%Bratislava
80%
13.54%Ljubljana
80%
36.75%Reykjavík
78%
24.27%Podgorica
78%
10.46%Sarajevo
75%
13.77%Tirana
75%
17.76%Chisinau
73%
24.29%Skopje
71%
7.81%Pristina
69%
5.30%Bergen
64%
5.56%Gothenburg
60%
7.36%Thessaloniki
49%
10.34%Kaunas
38%
5.00%Espoo
24%
7.11%Tartu
22%
5.34%Klaipeda
15%
16.05%Schaan
13%
5.89%Esch-sur-Alzette
13%
5.48%Akureyri
11%
10.60%Kópavogur
9%
14.43%Serravalle / Dogana
9%
5.63%Gomel
9%
9.16%Nikšić
7%
16.99%Escaldes-Engordany
7%
9.19%Sant Julià de Lòria
7%
7.19%Borgo Maggiore
5%
7.05%Triesenberg
5%
11.77%Eschen
5%
13.65%Triesen
5%
9.09%Encamp
4%
5.95%Ruggell
4%
6.36%La Massana
4%
8.63%Hafnarfjörður
4%
11.42%Mauren
4%
12.38%Balzers
4%

Score Distribution

Percentile by Number Answered

Percent of People with Each Score

Your Score History

You have not taken this quiz